[Event "2nd Colonial Open 2021"]
[Site "Sterling"]
[Date "2021.04.03"]
[Round "2.9"]
[White "Yanayt, Eugene"]
[Black "Dill, James"]
[Result "1-0"]
[WhiteElo "2079"]
[BlackElo "1823"]
[Annotator "NA"]
[PlyCount "67"]
[EventDate "2021.04.02"]
[EventType "swiss"]
[EventCountry "USA"]
[SourceTitle "playchess.com"]
[Source "ChessBase"]
[SourceQuality "1"]
[TimeControl "7200+30"]

1. d4 {[%emt 0:00:00]} Nf6 {[%emt 0:00:00]} 2. c4 {[%emt 0:00:00]} e6 {[%emt 0:00:00]} 3. Nf3 {[%emt 0:00:00]} d5 {[%emt 0:00:04]} 4. g3 {[%emt 0:00:06]} dxc4 {[%emt 0:00:22]} 5. Bg2 {[%emt 0:00:19]} Nc6 {[%emt 0:00:14]} 6. O-O {[%emt 0:00:18]} Rb8 {[%emt 0:00:34]} 7. Nc3 {[%emt 0:00:26]} b5 {[%emt 0:01:07]} 8. Ne5 {[%emt 0:00:32]} Nxe5 {[%emt 0:01:52]} 9. dxe5 {[%emt 0:00:05]} Ng4 {[%emt 0:06:00]} 10. Qxd8+ {[%emt 0:21:10]} Kxd8 {[%emt 0:00:09]} 11. Rd1+ {[%emt 0:00:09]} Ke7 {[%emt 0:00:19]} 12. Bf4 {[%emt 0:10:11]} Rg8 {[%emt 0:09:23]} 13. Ne4 {[%emt 0:07:22]} Bb7 {[%emt 0:29:10]} 14. Ng5 {[%emt 0:24:33]} Bxg2 {[%emt 0:10:54]} 15. Kxg2 {[%emt 0:00:13]} h6 {[%emt 0:00:53]} 16. Nf3 {[%emt 0:08:53]} g5 {[%emt 0:08:16]} 17. Bd2 {[%emt 0:01:37]} Bg7 {[%emt 0:14:34]} 18. Bb4+ {[%emt 0:00:13]} Ke8 {[%emt 0:00:14]} 19. a4 {[%emt 0:00:42]} Nxe5 {[%emt 0:20:08]} 20. Nd4 {[%emt 0:06:25]} Bf8 {[%emt 0:06:47]} 21. Ba5 {[%emt 0:01:29]} Rb7 {[%emt 0:02:55]} 22. Nxb5 {[%emt 0:02:40]} Nc6 {[%emt 0:02:38]} 23. Bxc7 {[%emt 0:02:29]} a6 {[%emt 0:01:06]} 24. Nd6+ {[%emt 0:06:28]} Bxd6 {[%emt 0:00:08]} 25. Bxd6 {[%emt 0:00:05]} Rxb2 {[%emt 0:02:23]} 26. Rac1 {[%emt 0:01:04]} Ne7 {[%emt 0:02:57]} 27. Rxc4 {[%emt 0:03:22]} f5 {[%emt 0:01:12]} 28. Rc7 {[%emt 0:03:47]} Nd5 {[%emt 0:00:41]} 29. Ra7 {[%emt 0:00:19]} Rb6 {[%emt 0:03:26]} 30. Rc1 {[%emt 0:04:23]} Kd8 {[%emt 0:01:37]} 31. Ra8+ {[%emt 0:02:44]} Kd7 {[%emt 0:00:13]} 32. Rxg8 {[%emt 0:00:08]} Kxd6 {[%emt 0:00:12]} 33. Rgc8 {[%emt 0:02:52]} f4 {[%emt 0:01:37]} 34. a5 {[%emt 0:01:19]} 1-0

[Event "2nd Colonial Open 2021"]
[Site "Sterling"]
[Date "2021.04.04"]
[Round "3.1"]
[White "Liang, Jason"]
[Black "Prasanna Raghuram Rao"]
[Result "1/2-1/2"]
[WhiteElo "2351"]
[BlackElo "2435"]
[Annotator "TA"]
[PlyCount "64"]
[EventDate "2021.04.02"]
[EventType "swiss"]
[EventCountry "USA"]
[SourceTitle "playchess.com"]
[Source "ChessBase"]
[SourceQuality "1"]

{[%evp 9,64,39,44,32,30,13,25,0,7,-4,34,0,5,6,29,18,70,66,64,6,118,109,103,99,105,98,210,233,202,154,150,143,138,145,182,145,124,118,117,100,121,62,343,340,344,334,320,311,285,0,29992,0,0,0,29992,0,0]} 1. e4 c5 2. Nf3 e6 3. g3 Nc6 4. Bg2 Qc7 5. O-O Nf6 6. Qe2 {B40: Sicilian: 2...e6, Unusual lines.} Be7 $1 {[%mdl 4] is now more promising than 6...d6.} 7. c3 d5 8. e5 {White has an edge.} Nd7 {[%cal Rd7e5]} 9. d4 b6 {[#]} 10. Rd1 $146 ({Predecessor:} 10. Na3 h6 11. h4 Bb7 12. Nb5 Qb8 13. Bf4 Ba6 14. Nd6+ Qxd6 15. Qxa6 Qc7 16. Qe2 {1-0 (36) Rozentalis,E (2509)-Pritchett,C (2326) Dundee 2017}) 10... Bb7 11. Bf4 h6 12. h4 O-O-O (12... a6 $11) 13. Na3 $14 a6 14. c4 (14. h5 $14) 14... Nb4 (14... g5 $1 $11 15. hxg5 hxg5 16. Bxg5 Nxd4 17. Rxd4 Bxg5 18. Nxg5 cxd4 19. Nxf7 {[%mdl 64] Double Attack} d3) 15. cxd5 $16 Nxd5 16. Bd2 Kb8 17. Rac1 Qc6 (17... a5 $16 {was called for.}) 18. dxc5 $1 $18 bxc5 19. b4 Qa4 20. bxc5 $1 Rc8 ({Reject} 20... Bxc5 21. Nc4 $16) 21. Nc4 Bxc5 22. Nd6 Bxd6 23. exd6 Rxc1 24. Rxc1 Rc8 {[#]} 25. Ne5 (25. Re1 $1 $16) 25... Nxe5 $4 {[%mdl 8192]} ({Black should play} 25... Rxc1+ $14 26. Bxc1 f6 27. Nxd7+ Qxd7) 26. Qxe5 Rxc1+ 27. Bxc1 {Intending d7+ and mate.} Qd1+ 28. Kh2 Nf6 {( -> ...Ng4+!)} 29. Qb2 $2 (29. d7+ $1 $18 Ka8 {[#]} 30. Qe2 $3 {[%mdl 512]} Qxd7 31. Qxa6+ Kb8 32. Bxb7 {[%mdl 64] Overworked Piece} Qxb7 33. Qd6+ (33. Bf4+ Kc8 $14) 33... Qc7 34. Qf8+ Kb7 35. Qxg7) 29... Ng4+ $11 30. Kh3 {[%csl Gg2][%cal Rb2b7]} Nxf2+ $1 31. Kh2 {[%csl Gg2][%cal Rb2b7]} Ng4+ 32. Kh3 {[%csl Gg2][%cal Rb2b7]} Nf2+ $1 {Weighted Error Value: White=0.27/Black=0.39} 1/2-1/2

[Event "2nd Colonial Open 2021"]
[Site "Sterling"]
[Date "2021.04.04"]
[Round "3.2"]
[White "Chiu, Isaac"]
[Black "Park, Evan"]
[Result "0-1"]
[WhiteElo "2195"]
[BlackElo "2208"]
[Annotator "TA"]
[PlyCount "118"]
[EventDate "2021.04.02"]
[EventType "swiss"]
[EventCountry "USA"]
[SourceTitle "playchess.com"]
[Source "ChessBase"]
[SourceQuality "1"]

{[%evp 22,118,39,0,8,8,18,12,27,13,39,52,51,33,56,34,89,58,46,63,47,56,73,71,85,68,93,0,10,0,0,0,-5,-6,-5,-12,-4,-12,-16,-40,50,49,90,-135,-139,-141,-114,-208,-183,-275,-190,-256,-195,-189,-193,-312,-296,-303,-295,-256,-256,-256,-256,-319,-319,-421,-409,-416,-416,-401,-401,-391,-391,-584,-571,-960,-938,-835,-793,-1353,-1077,-29968,-29968,-29974,-29975,-29975,-29975,-29975,-29976,-29976,-29977,-29972,-12535,-29979,-29980,-29980,-29977,-29981,-29980]} 1. c4 Nf6 2. g3 g6 3. Bg2 Bg7 4. Nc3 O-O 5. d4 d6 6. Nf3 Nc6 7. O-O e5 8. d5 Ne7 9. e4 Ne8 10. Ne1 f5 11. Nd3 Nf6 12. f4 fxe4 {E62: King's Indian: Fianchetto: 6...c6 and Panno Variation (6...Nc6) without ...a6.} 13. fxe5 Bg4 14. Qd2 dxe5 {[#] The position is equal.} (14... Nd7 {feels hotter.} 15. Rxf8+ Qxf8 16. Nxe4 Nxe5 17. Nxe5 Bxe5 18. Rb1 Re8) 15. Nc5 $146 ({Predecessor:} 15. Nxe4 Nxe4 16. Rxf8+ Qxf8 17. Bxe4 Nf5 18. Qb4 Qxb4 19. Nxb4 Nd6 20. Bd3 e4 21. Bf1 {0-1 (35) Gonzalez Culi,D (2036)-Olivares Olivares,C (2354) Santiago de Chile 2018}) 15... b6 (15... e3 $5 {[%cal Re3d2]} 16. Qe1 (16. Qxe3 Nf5 $11) 16... e2 17. Nxe2 Qd6 $11) 16. N5xe4 Nxe4 17. Rxf8+ Qxf8 18. Nxe4 Rd8 (18... Rb8 $14) 19. Qd3 Bf5 20. Bg5 h6 21. Bd2 c6 {[%cal Rc6d5]} 22. Bb4 a5 23. Ba3 b5 24. Bxe7 ({Don't play} 24. cxb5 $6 cxd5 25. Qb3 a4 $11) (24. Bc5 $1 $16) 24... Qxe7 $11 25. d6 Qa7+ 26. Kh1 Qd4 27. Qxd4 exd4 28. c5 d3 $36 {[%mdl 2048] Black is more active.} 29. Rd1 Re8 30. Nd2 Re5 (30... Bd7 $15) 31. Bxc6 Rxc5 {[#]} 32. Be4 (32. d7 $1 $16 Bf6 33. Ne4 $1 Bxe4+ 34. Bxe4) 32... Bxb2 $17 {Black continues to play with concentration.} 33. Bxf5 Rxf5 {[%mdl 4096] Endgame KRB-KRN} 34. Ne4 (34. Nb3 $17 {keeps fighting.} Rd5 35. Nxa5) 34... Rd5 $19 35. Nf2 (35. Kg2 $142) 35... Rxd6 36. Nxd3 (36. Rxd3 {might work better.} Rc6 37. Rd2) 36... Bf6 37. Kg2 b4 {Threatens to win with ...a4.} 38. Kf3 (38. Kf2 $142) 38... a4 {[%cal Ba5a4,Ba4b3,Bb3b2][%mdl 32]} 39. Ke2 Re6+ 40. Kf3 {[#]} b3 {[%cal Rb3a2]} 41. axb3 axb3 42. Nc5 Rc6 43. Ne4 Bg7 44. Rd8+ Kh7 45. Rb8 b2 46. Rb7 g5 47. h4 (47. Nd2 $142) 47... Rc1 48. Nf6+ Kg6 49. Rxb2 Bxf6 {KRB-KR} 50. Rb6 Rc3+ 51. Kg2 g4 52. Rb5 h5 53. Rd5 Re3 54. Kf2 Rf3+ 55. Kg2 Rf5 56. Rd7 Ra5 57. Rd2 Be5 {Black mates.} 58. Rd3 Kf5 59. Re3 Rc5 {Weighted Error Value: White=0.64/Black=0.14} 0-1

[Event "2nd Colonial Open 2021"]
[Site "Sterling"]
[Date "2021.04.04"]
[Round "3.3"]
[White "Paul, Justin"]
[Black "Tunc, Skyler"]
[Result "1-0"]
[WhiteElo "2249"]
[BlackElo "1779"]
[Annotator "TA"]
[PlyCount "55"]
[EventDate "2021.04.02"]
[EventType "swiss"]
[EventCountry "USA"]
[SourceTitle "playchess.com"]
[Source "ChessBase"]
[SourceQuality "1"]

{[%evp 9,55,4,14,9,19,14,45,36,70,66,78,72,95,103,123,72,114,124,146,151,198,177,217,187,180,126,441,419,547,516,621,589,563,348,716,692,705,689,639,587,597,576,745,740,715,691,1360,1351]} 1. e4 c6 2. d4 d5 3. e5 c5 4. dxc5 e6 5. a3 Bxc5 6. Bd3 {B12: Caro-Kann: Advance Variation.} Nd7 (6... Nc6 {feels hotter.} 7. Nf3 Qc7 8. Bf4 Nf6 9. Qe2 Nd7) 7. Nf3 Qc7 8. Qe2 {White is slightly better.} Ne7 9. b4 $1 {[%cal Rb4c5]} Bb6 {[#]} 10. Bb2 $146 ({Predecessor:} 10. Nbd2 Ng6 11. Bxg6 fxg6 12. c4 dxc4 13. Nxc4 O-O 14. O-O Qc6 15. Bb2 Rd8 16. Nd6 {1-0 (31) Margolin,B (2427)-Schubert,T (2366) Germany 2005}) 10... Nf8 11. h4 Bd7 12. O-O (12. Nbd2 $142) 12... Rc8 13. h5 g6 14. Nbd2 Rg8 15. c4 {c5 is the strong threat.} Qd8 16. c5 Bc7 17. Ng5 ({White should play} 17. h6 $18) 17... Nf5 $2 {[%mdl 8192] [#] A mistake that costs the game.} (17... h6 $16 {is tougher.}) 18. Nge4 $1 $18 {[%mdl 512]} Ke7 (18... dxe4 19. Nxe4) 19. Nf6 Rg7 20. h6 Nxh6 21. Qe3 g5 $2 (21... Nf5 22. Qg5 h6 23. Nxd5+ Ke8 24. Nf6+ Ke7 25. Nd5+ {[%mdl 64] Discovered Attack (Double check)} Ke8 26. Qxd8+ Bxd8) 22. c6 {[%mdl 64] Discovered Attack. White is clearly winning.} Bb6 23. Qh3 Ng8 24. cxd7 Nxd7 25. Bxh7 d4 26. Nxg8+ Rxg8 27. Bxg8 Rc2 {[#]} 28. Qh7 $1 {[%csl Gg8][%cal Rh7f7] Weighted Error Value: White=0.20/Black=0.64} 1-0

[Event "2nd Colonial Open 2021"]
[Site "Sterling"]
[Date "2021.04.04"]
[Round "3.4"]
[White "Altman, Joshua"]
[Black "Singh, Hersh"]
[Result "1/2-1/2"]
[WhiteElo "1926"]
[BlackElo "2080"]
[Annotator "RC"]
[PlyCount "88"]
[EventDate "2021.04.02"]
[EventType "swiss"]
[EventCountry "USA"]
[SourceTitle "playchess.com"]
[Source "ChessBase"]
[SourceQuality "1"]
[TimeControl "7200+30"]

1. d4 {[%emt 0:01:32]} d5 {[%emt 0:00:00]} 2. c4 {[%emt 0:00:05]} e6 {[%emt 0:00:00]} 3. Nc3 {[%emt 0:00:07]} Nf6 {[%emt 0:00:00]} 4. cxd5 {[%emt 0:00:06]} exd5 {[%emt 0:00:00]} 5. Bg5 {[%emt 0:00:06]} c6 {[%emt 0:00:00]} 6. Qc2 {[%emt 0:00:36]} Be7 {[%emt 0:00:00]} 7. e3 {[%emt 0:00:15]} Nbd7 {[%emt 0:00:00]} 8. Bd3 {[%emt 0:00:32]} Nf8 {[%emt 0:00:00]} 9. Nge2 {[%emt 0:04:06]} Ne6 {[%emt 0:00:04]} 10. Bh4 {[%emt 0:00:22]} g6 {[%emt 0:00:05]} 11. O-O {[%emt 0:00:44]} O-O {[%emt 0:00:04]} 12. f3 {[%emt 0:03:29]} b6 {[%emt 0:00:06]} 13. Rad1 {[%emt 0:04:52]} Bb7 {[%emt 0:00:05]} 14. Kh1 {[%emt 0:04:03]} Nh5 {[%emt 0:00:24]} 15. Bf2 {[%emt 0:16:09]} f5 {[%emt 0:01:58]} 16. Nc1 {[%emt 0:17:29]} Rc8 {[%emt 0:09:09]} 17. Be2 {[%emt 0:11:09]} Nf6 {[%emt 0:14:45]} 18. Nd3 {[%emt 0:13:57]} c5 {[%emt 0:06:36]} 19. Qb1 {[%emt 0:25:45]} Qe8 {[%emt 0:14:57]} 20. Ne5 {[%emt 0:11:37]} Bd6 {[%emt 0:05:19]} 21. f4 {[%emt 0:02:07]} cxd4 {[%emt 0:06:18]} 22. Nb5 {[%emt 0:03:30]} Bb8 {[%emt 0:03:29]} 23. Nxd4 {[%emt 0:01:14]} Bxe5 {[%emt 0:04:02]} 24. fxe5 {[%emt 0:00:37]} Ne4 {[%emt 0:00:04]} 25. Bd3 {[%emt 0:02:27]} N6c5 {[%emt 0:01:19]} 26. Nf3 {[%emt 0:04:38]} Qe6 {[%emt 0:08:38]} 27. Bg3 {[%emt 0:00:52]} Nxg3+ {[%emt 0:01:36]} 28. hxg3 {[%emt 0:00:03]} Ne4 {[%emt 0:00:02]} 29. Bxe4 {[%emt 0:01:06]} fxe4 {[%emt 0:04:08]} 30. Nd4 {[%emt 0:00:10]} Qxe5 {[%emt 0:00:16]} 31. Rxf8+ {[%emt 0:00:32]} Rxf8 {[%emt 0:00:02]} 32. Rf1 {[%emt 0:00:33]} Qxg3 {[%emt 0:13:43]} 33. Rxf8+ {[%emt 0:00:34]} Kxf8 {[%emt 0:00:01]} 34. Qf1+ {[%emt 0:00:38]} Ke7 {[%emt 0:00:32]} 35. Qc1 {[%emt 0:00:25]} Qe5 {[%emt 0:01:30]} 36. Qc3 {[%emt 0:00:22]} Kf7 {[%emt 0:00:46]} 37. Qc2 {[%emt 0:00:52]} Kg7 {[%emt 0:01:35]} 38. Qa4 {[%emt 0:00:36]} Kh6 {[%emt 0:13:59]} 39. Qxa7 {[%emt 0:00:23]} Qc7 {[%emt 0:03:54]} 40. Ne6 {[%emt 0:00:34]} Qc6 {[%emt 0:01:52]} 41. Nd4 {[%emt 0:00:36]} Qc1+ {[%emt 0:02:45]} 42. Kh2 {[%emt 0:00:03]} Qxe3 {[%emt 0:00:16]} 43. Ne6 {[%emt 0:00:58]} Qf2 {[%emt 0:14:51]} 44. Qxb7 {[%emt 0:00:06]} Qh4+ {[%emt 0:00:44]} 1/2-1/2

[Event "2nd Colonial Open 2021"]
[Site "Sterling"]
[Date "2021.04.04"]
[Round "3.5"]
[White "Kanli, Alperen"]
[Black "Peraino, Andrew"]
[Result "1/2-1/2"]
[WhiteElo "1911"]
[BlackElo "2029"]
[Annotator "TA"]
[PlyCount "122"]
[EventDate "2021.04.02"]
[EventType "swiss"]
[EventCountry "USA"]
[SourceTitle "playchess.com"]
[Source "ChessBase"]
[SourceQuality "1"]

{[%evp 9,122,28,53,49,84,79,99,86,91,87,79,39,84,82,70,75,79,70,78,72,66,81,58,96,122,122,141,122,135,136,130,125,166,143,153,145,195,172,204,124,137,137,141,129,121,143,234,215,425,400,304,136,128,142,139,139,254,227,221,152,169,161,170,156,237,241,287,272,293,255,310,302,417,379,516,513,606,592,577,587,632,632,625,518,591,771,718,718,29970,29973,29973,29974,29973,0,0,0,0,0,0,0,0,0,29975,29975,29975,844,29968,29969,29968,29969,6825,2522,1667,0,0]} 1. d4 g6 2. c4 Bg7 3. Nc3 d6 4. e4 Nd7 5. f4 c5 6. d5 {A42: Modern Defence: Averbakh Variation.} a6 7. Nf3 Qc7 8. Be2 {White is better.} Ngf6 9. O-O O-O {[#]} 10. Be3 $146 ({Predecessor:} 10. Bd2 h6 11. Re1 Re8 12. Qc2 Nf8 13. e5 N6h7 14. exd6 exd6 15. h3 Bd7 16. Bd3 b5 17. Ne4 {0-1 (43) Charalambous,C (1660)-Rozhkov,M (1818) Nikosia 2015}) 10... Ng4 11. Bd2 b5 12. h3 b4 13. hxg4 {Na4 is the strong threat.} bxc3 14. Bxc3 Bxc3 15. bxc3 Nf6 16. Nd2 Rb8 17. g5 Nd7 18. Rb1 Rxb1 19. Qxb1 Qa5 20. Qc2 Nb6 21. f5 Na4 22. Rf3 Bd7 23. Nb3 Qc7 24. f6 Bg4 25. Re3 Bxe2 26. Qxe2 ({But not} 26. Rxe2 Nb6 $14) 26... exf6 27. gxf6 {Black must now prevent Qd2.} Re8 (27... Nb6 $16 {might work better.}) 28. Qg4 {aiming for Qf4!} Qd8 $2 (28... Nb6 29. Qf4 Nd7) 29. Qf4 $18 Re5 {[#]} 30. Nd2 (30. Na5 $1 $18 {[%mdl 512] has better winning chances.}) 30... Nb6 $16 31. Nf3 Nxc4 32. Nxe5 dxe5 {[%mdl 4096] Endgame KQR-KQN} (32... Nxe5 $16 33. Re2 Nd3) 33. Qh6 $18 {[%csl Gf6][%cal Rh6g7]} Qxf6 34. Rf3 $40 {[%mdl 128] Black is in trouble.} Qe7 35. Rh3 $1 f6 36. Rf3 $1 Nd6 (36... a5 $16 37. Rf2 Nd6) 37. Qe3 $1 Nf7 38. Qd3 Qd6 39. Rf1 Kg7 40. a4 Ng5 41. Rb1 f5 42. exf5 e4 43. Qe3 h6 44. f6+ {[%mdl 64] Decoy} Kxf6 45. Qf2+ Kg7 46. c4 Qe5 47. Rb7+ Kg8 48. Qb2 Nf3+ 49. gxf3 Qg3+ 50. Kf1 {[%csl Gb7][%cal Rb2g7]} Qxf3+ {[#]} 51. Ke1 $2 (51. Qf2 $1 {mates} Qd1+ 52. Kg2 Qg4+ 53. Kh2 Qh5+ 54. Kg1 Qg4+ 55. Qg2 Qd1+ 56. Qf1 Qg4+ 57. Kf2 Qf5+ 58. Ke1) 51... Qh1+ $11 52. Kd2 {[%csl Gb7][%cal Rb2g7]} Qg2+ 53. Ke1 {[%csl Gb7][%cal Rb2g7]} Qh1+ 54. Kf2 {[%csl Gb7][%cal Rb2g7]} (54. Kd2 {is more complex.}) 54... Qf3+ 55. Kg1 {[%csl Gb7][%cal Rb2g7]} Qg3+ $2 {[%mdl 8192]} (55... Qd1+ $11 56. Kf2 Qf3+ 57. Kg1 Qd1+ 58. Kh2 Qh5+ 59. Kg3 Qf3+ 60. Kh2 Qh5+ 61. Kg1 Qd1+) 56. Qg2 Qe1+ 57. Kh2 (57. Qf1 $142 Qg3+ 58. Kh1 Qh4+ 59. Kg2 Qg5+ 60. Kf2 Qd2+ 61. Qe2 Qf4+ 62. Kg2) 57... Qh4+ 58. Qh3 Qf2+ {[#]} 59. Kh1 $1 Qe1+ 60. Kg2 {[%cal Rh3c8]} Qe2+ 61. Kg3 $2 (61. Kg1 $18 {[%cal Rh3c8]} Qe1+ 62. Qf1 Qg3+ 63. Kh1 Qh4+ 64. Kg2 Qg5+ 65. Kf2 Qd2+ 66. Kg1 Qg5+ 67. Qg2 Qe3+ 68. Qf2 Qg5+ 69. Kf1 Qc1+ 70. Kg2 Qg5+ 71. Qg3) 61... Qf3+ {Weighted Error Value: White=0.21/Black=0.57} 1/2-1/2

[Event "2nd Colonial Open 2021"]
[Site "Sterling"]
[Date "2021.04.04"]
[Round "3.6"]
[White "Brady, Tyson"]
[Black "Yanayt, Eugene"]
[Result "0-1"]
[WhiteElo "1868"]
[BlackElo "2079"]
[Annotator "TA"]
[PlyCount "66"]
[EventDate "2021.04.02"]
[EventType "swiss"]
[EventCountry "USA"]
[SourceTitle "playchess.com"]
[Source "ChessBase"]
[SourceQuality "1"]

{[%evp 12,66,5,5,13,14,26,8,23,11,29,-47,-10,0,0,-10,22,0,20,18,20,16,8,12,16,13,23,-17,-12,-31,0,-12,25,18,22,-29,65,-16,0,-8,0,0,0,-451,-429,-549,-522,-903,-890,-877,-866,-835,-824,-825,-427,-745,-739]} 1. e4 c5 2. Nf3 d6 3. Bb5+ Nd7 4. O-O a6 5. Bxd7+ Bxd7 6. d4 cxd4 7. Qxd4 Rc8 {B51: Sicilian: Moscow Variation (3 Bb5+) without 3...Bd7.} (7... e5 $5 {[%cal Re5d4]} 8. Qd3 h6 $11) 8. Nc3 e5 9. Qd3 h6 {The position is equal.} 10. Nd2 Qc7 {[#]} 11. f4 $146 (11. a4 $11) ({Predecessor:} 11. Rd1 Nf6 12. Nf1 Bg4 13. Re1 Be7 14. Ne3 Be6 15. a4 O-O 16. Bd2 Qc5 17. Red1 {½-½ (31) Adams,M (2701)-Wojtaszek,R (2719) Biel 2020}) 11... exf4 12. Rxf4 Be6 13. Nb3 Ne7 14. Nd4 Bc4 15. Qd1 g6 16. Be3 Bg7 17. Qd2 O-O 18. Rf2 Kh7 19. Nf3 b5 20. Rd1 Rcd8 21. Nd4 Qb7 22. b3 b4 23. Nce2 (23. Na4 $142 Bb5 24. Re1) 23... Bb5 (23... Bxe2 $11 24. Qxe2 Ng8) 24. Rdf1 ({White should try} 24. Nxb5 $14 Qxb5 25. Rdf1) 24... Bxe2 $11 25. Qxe2 Qxe4 {[#] aiming for ...Nd5.} 26. Rxf7 Nf5 27. R1xf5 {[%mdl 8192]} (27. Rxf8 $11 Rxf8 28. Nxf5 Rxf5 29. Rxf5 Qxf5 30. Qd3) 27... gxf5 $19 {Black is clearly winning.} 28. Rxf8 Rxf8 29. Qd2 Re8 30. Bf2 Bxd4 {[%mdl 64] [#] Overworked Piece} 31. Bxd4 Qe1+ 32. Qxe1 Rxe1+ 33. Kf2 Rc1 {Weighted Error Value: White=0.75/Black=0.14} 0-1

[Event "2nd Colonial Open 2021"]
[Site "Sterling"]
[Date "2021.04.03"]
[Round "3.7"]
[White "Lee, Justin"]
[Black "Johnson, Donald"]
[Result "1-0"]
[WhiteElo "1953"]
[BlackElo "1995"]
[Annotator "TA"]
[PlyCount "65"]
[EventDate "2021.04.02"]
[EventType "swiss"]
[EventCountry "USA"]
[SourceTitle "playchess.com"]
[Source "ChessBase"]
[SourceQuality "1"]

{[%evp 21,64,26,22,33,29972,29973,6014,6010,2662,2666,2081,1940,1940,1185,1837,1803,1528,1162,1273,1263,1251,1252,1443,1446,1420,1405,1459,1434,29990,29991,5697,1459,1448,1444,29987,29988,29995,29996,29996,29997,29997,29998,29998,29999,29999]} 1. e4 c5 2. Nc3 d6 3. g3 Nc6 4. Bg2 g6 5. d3 Bg7 6. Nh3 e5 7. O-O Nge7 8. f4 O-O 9. f5 gxf5 10. exf5 Bxf5 11. Rxf5 Nxf5 12. Be4 $1 {[%cal Re4f5] B25: Closed Sicilian: 3 g3, lines without early Be3.} Nfe7 {[%mdl 8192] [#]} (12... Nxg3 $14 13. hxg3 f5 14. Bd5+ Kh8) 13. Bxh7+ $1 {[%mdl 512]} Kxh7 14. Qh5+ {White is clearly winning.} Kg8 15. Ng5 {[%csl Gg5][%cal Rh5h7]} Re8 16. Qxf7+ Kh8 17. Ne6 {[%csl Ge6][%cal Rf7g7] [#]} Bf8 $146 ({Predecessor:} 17... Rf8 18. Qxg7# {1-0 (18) Kokolias,K (2200)-Sigouros,I Nikea 2004}) 18. Bg5 {White wants to mate with Bf6+.} Ng8 19. Bxd8 {White threatens Qh5+ and mate.} Raxd8 20. Nxd8 Rxd8 21. Rf1 Bh6 22. Qxb7 Nge7 23. Rf7 Be3+ 24. Kh1 Rb8 25. Qd7 Kg8 26. Rxe7 Nxe7 27. Qxe7 Rxb2 28. Nd5 {White mates.} Bg5 29. Qxg5+ Kf7 30. Qf6+ {[%mdl 64] Double Attack} Kg8 31. Ne7+ Kh7 32. Qg6+ Kh8 33. Qg8# {Black did not feel at home in the position after the opening. Not enough moves} 1-0

[Event "2nd Colonial Open 2021"]
[Site "Sterling"]
[Date "2021.04.04"]
[Round "3.8"]
[White "Zaloznyy, Mike"]
[Black "Taylor, Stewart"]
[Result "1-0"]
[WhiteElo "1996"]
[BlackElo "1918"]
[Annotator "TA"]
[PlyCount "99"]
[EventDate "2021.04.02"]
[EventType "swiss"]
[EventCountry "USA"]
[SourceTitle "playchess.com"]
[Source "ChessBase"]
[SourceQuality "1"]

{[%evp 15,99,-27,39,20,59,2,41,28,69,62,63,46,97,91,139,87,104,95,149,48,122,119,127,125,121,125,153,135,144,137,147,174,160,186,165,125,103,121,116,60,95,53,110,66,80,32,167,68,55,0,0,0,0,50,161,179,134,33,135,75,384,394,383,378,340,345,402,447,438,399,399,381,473,509,500,265,265,265,245,265,265,265,265,265,790,777]} 1. Nf3 g6 2. c4 Bg7 3. d4 Nf6 4. Nc3 d5 5. Qa4+ Bd7 6. Qb3 dxc4 7. Qxc4 O-O 8. e4 Bg4 (8... b5 $11 9. Qd3 (9. Nxb5 Nxe4 10. Bd3 Nd6 $15) 9... b4) 9. Be2 {D98: Grünfeld: Russian System: 7 e4 Bg4 .} Nbd7 10. Bf4 ({Better is} 10. Be3 $14) 10... c6 11. Rd1 {[#] White is slightly better.} Rc8 $146 ({Predecessor:} 11... Qb6 12. Rd2 c5 13. d5 Nh5 14. Be3 Qd6 15. h3 Bxf3 16. Bxf3 Ne5 17. Qe2 Nxf3+ 18. Qxf3 f5 19. exf5 Rxf5 {1-0 (38) Nihal,S (2349)-Saravanan,V (2272) Zalakaros 2016}) 12. O-O b5 13. Qb3 a5 (13... Qe8 $14) 14. h3 $16 Be6 15. Qc2 (15. d5 $142 cxd5 16. exd5) 15... Nb6 16. b3 h6 (16... Ne8 $142) 17. a4 (17. Be3 $16) 17... Qd7 (17... b4 $14) 18. Be3 (18. axb5 $6 cxb5 19. Ne5 Qc7 $11) 18... b4 19. Nb1 Nxe4 20. Ne5 $1 {[%cal Re5d7]} Qc7 21. Qxe4 Bxb3 22. Rc1 {[%cal Re5c6]} Bd5 23. Qh4 g5 24. Qh5 Nxa4 25. h4 Bxe5 26. dxe5 Qxe5 27. hxg5 (27. Qxh6 $16 Qg7 28. hxg5 (28. Qxg5 Qxg5 29. Bxg5 f6 $16) (28. Bxg5 f6 $16)) 27... hxg5 28. Bxg5 Qg7 (28... Qe4 $14 29. Bf3 Qg6) 29. Bc4 {Strongly threatening Bxd5.} Rfd8 30. Qh4 f6 {[#]} (30... Qg6 $14) 31. Bxd5+ (31. Qh3 $1 $18 Nb6 32. Bxd5+ cxd5 33. Bh6) 31... Rxd5 $14 {[#]} 32. Bh6 (32. Qh3 $1 $14 Rcd8 (32... Re8 33. Bh6) 33. Bf4 (33. Bh6 Qg6 $14)) 32... Qg6 $11 33. Qh3 Nb6 34. Be3 Nd7 (34... Kg7 $14) 35. Rfd1 $36 {[%mdl 2048] Keeping Black busy.} Rd8 36. f4 (36. Rxd5 $16 cxd5 37. Nd2) 36... Nb6 37. Rf1 ({White should play} 37. Re1 Nd7 38. Qe6+ (38. Rxc6 Rh5 $16) 38... Qf7 39. Qxc6) 37... Rd3 $2 {[%mdl 8192]} 38. Qe6+ {[%mdl 64] Double Attack} Qf7 39. Qxf7+ Kxf7 40. Bxb6 Ra8 41. Bc5 Rb8 42. Rc4 Rb5 43. Re1 e6 44. Kf2 a4 45. Re2 Rd1 46. Nd2 ({Don't play} 46. Rxb4 $6 Rxb4 47. Bxb4 Rxb1 $18) 46... b3 {And now ...b2 would win.} 47. f5 $1 {[%cal Rf5e6]} (47. Rxa4 b2 $11) 47... exf5 {[#] ...b2 is the strong threat.} 48. Re7+ $1 ({Inferior is} 48. Rxa4 b2 $11) 48... Kg6 49. Nf3 f4 $2 {[#]} (49... Rh1 50. Bd4 c5) 50. Nh4+ $1 {Weighted Error Value: White=0.29/Black=0.45} 1-0